| 000 | 00720nam a22002297a 4500 | ||
|---|---|---|---|
| 003 | DO-SdBNP | ||
| 005 | 20250821111227.0 | ||
| 008 | 210913b 2015 dr |||| 00| 0 spa d | ||
| 020 | _a9789945166736 | ||
| 040 |
_aBPMSU _bSpa. _cBPMSU |
||
| 082 |
_a150.195 _bD919n 2015 _222 |
||
| 100 |
_aDunker, José _d1943 - |
||
| 245 |
_aEl nuevo marco tridimensional / _cJosé Dunker L. . |
||
| 260 |
_aSanto Domingo , _bEditora Búho: _c2015. |
||
| 300 |
_a202 p., _bil. _c21 cm. |
||
| 500 | _aIncluyes datos Biografícos del autor el la contra portada. | ||
| 504 | _aIncluyes datos Bibliográficos 175 p. - 202 p. | ||
| 650 | 4 | _aTercera dimensión. | |
| 650 | 4 | _aPsicopatología | |
| 910 | _aMcabrera | ||
| 942 |
_2ddc _cBK |
||
| 999 |
_c13724 _d13724 |
||